00917nam a2200205Ia 4500999001500000003000900015005001700024008004100041040002800082090002000110110006300130245014500193260008100338300004600419504002400465650002000489650004200509942001200551952014800563 c2754d2754DO-SdBJH20180418012328.0180414s9999 dr 000 0 spa d aDO-SdBJHbspacDO-SdBJH aDM FM 71-2 1988 aInstituto de Cooperación para la Seguridad Hemisférica10aFM 71-2 Fuerzas de tarea de los batallones de tanques e infantería mecanizada / Instituto de Cooperación para la Seguridad Hemisférica aFuerte Benning, Georgia : Cuartel General Secretaría del Ejército, 1988 aiii, 295 páginas en varias paginaciones aIncluye apéndices 4aFuerza de tarea 4aBatallones -- Infantería mecanizada 2ddccBK 00102ddc40708DMaBEGEMbBEGEMcGENd2018-04-14i18-EERD-01238l0oDM FM 71-2 1988p18-EERD-01238r2018-04-14 00:00:00tEj.1w2018-04-14yBK